000 00641nam a2200217Ia 4500
003 GCL
005 20240530105024.0
008 140319s9999 xx 000 0 ara d
040 _aGCL /
_cGCL
082 0 4 _a370.19
_bع ت
100 1 _aعبدالغنى عبود
245 1 0 _aالتربية ومشكلات المجتمع /
_cعبدالغنى عبود
260 _a[S.N] :
_bدار الفكر العربى ،
_c1992
300 _a237 ص
650 0 4 _aالمجتمع
650 0 4 _aالتعليم
650 0 4 _aالتربية
650 0 4 _aالسياسة المالية
650 0 4 _aالتعليم الدينى
942 _2ddc
_cBK
999 _c52572
_d52572